Political Power of Social Media bakalárska práca

Gespeichert in:
Bibliographische Detailangaben
1. Verfasser: Sabolová, Terézia
Körperschaft: Fakulta aplikovaných jazykov EU v Bratislave. Katedra interkultúrnej komunikácie
Weitere Verfasser: Kapráliková, Ivana, 1974-
Format: Buch
Sprache:Englisch
Veröffentlicht: Bratislava 2021
Tags: Tag hinzufügen
Keine Tags, Fügen Sie das erste Tag hinzu!

MARC

LEADER 00000nbm a2200000 4500
001 0274911
005 20220216093553.8
041 0 |a eng 
044 |a SK 
245 1 0 |a Political Power of Social Media  |b bakalárska práca  |c Terézia Sabolová ; školiteľ: Ivana Kapráliková 
264 1 |a Bratislava  |c 2021 
300 |a 73 s. 
100 1 |a Sabolová, Terézia 
700 1 |a Kapráliková, Ivana, 1974- 
710 2 |a Fakulta aplikovaných jazykov EU v Bratislave. Katedra interkultúrnej komunikácie